| 000 | 01474nam a2200277 4500 | ||
|---|---|---|---|
| 001 | 0000014121 | ||
| 003 | CO-CtgCURN | ||
| 005 | 20250516165618.0 | ||
| 008 | 160627s1986 000 0 eng d | ||
| 020 | _a9586041603 | ||
| 040 |
_aCO-CtgCURN _bspa _ccoctgcurn |
||
| 082 | 0 |
_a347.9 _bC44a |
|
| 100 | 1 | _aChiovenda, Giuseppe. | |
| 245 | 1 | 3 |
_aLa acción en el sistema de los derechos / _cGiuseppe Chiovenda , traducción de Santiago Sentis Melendo. |
| 260 |
_aBogotá : _bTemis, _c1986. |
||
| 300 | _a157 p. | ||
| 336 | _2rdacontent | ||
| 337 |
_2rdamedia _asin mediacion _bn |
||
| 338 |
_2rdacarrier _avolumen _bnc |
||
| 505 | 8 | _aLa doctrina procesal y la escuela de Bolonia.--Concepto de Acción (en nota: finalidad procesal. Las diversas especies de tutela juridica.--La Acción y la doctrina de Winscheid.--La polemica Winscheid-Muther (en nota: doctrina de Hass sobre la actio).--Nueva dirección publicista en la docrina de derecho acciónar.--El derecho a la tutela juridica.--Mis observaciones sobre la doctrina de Wach.--La Acción, un derecho por si mismo y que consiste en un puro poder juridico.--La Acción y la actio iudicati.--Autonomia del proceso civil.--Los derechos potestativos y los derechos facultativos | |
| 650 | 0 | _aAcción de tutela (Derecho procesal) | |
| 700 | 1 |
_aSentis Melendo, Santiago, _eTraductor. |
|
| 908 | _a160627 | ||
| 942 |
_cBK _h347.9 _iC44a _2ddc _n0 |
||
| 999 |
_c1454 _d1454 |
||